Centrum pre akademické vzťahy, Bratislava, Fajnorovo nábr.

Enregistré dans:
Détails bibliographiques
Auteur principal: Heribanová, Ivana (Auteur)
Autres auteurs: Nahálka, Pavel (Directeur de thèse)
Format: Manuscrit Livre
Langue:slovaque
Publié: Bratislava 2016
Sujets:
Accès en ligne:http://is.stuba.sk/zp/portal_zp.pl?podrobnosti=117169
Tags: Ajouter un tag
Pas de tags, Soyez le premier à ajouter un tag!

MARC

LEADER 00000ntm a22000003a 4500
001 stuzp57432
003 SK-STU
005 20210223101208.9
007 ta
008 150427s2015----xo-----f-mn---000-0-slo-d
040 |a STU  |b slo 
041 0 |a slo 
100 1 |a Heribanová, Ivana  |u 058180  |4 aut  |U FAD Fakulta architektúry  |T FA Ústav architektúry občianskych budov  |X 8083  |U A8180  |Y 399  |7 A000008083 
242 0 1 |a Center for Academic Relations, Bratislava, Fajnorovo nábr.  |y eng 
245 1 0 |a Centrum pre akademické vzťahy, Bratislava, Fajnorovo nábr.  
260 |c 2016  |a Bratislava 
650 4 |a študent  |2 slo 
650 4 |a centrum  |2 slo 
650 4 |a Dunaj  |2 slo 
650 4 |a Danube  |2 eng 
650 4 |a student  |2 eng 
650 4 |a center  |2 eng 
700 1 |a Nahálka, Pavel  |u 058180  |k Z1  |4 ths  |U FAD Fakulta architektúry  |T FA Ústav architektúry občianskych budov  |X 450  |U A8180  |Y 399  |7 A000000450 
856 4 |u http://is.stuba.sk/zp/portal_zp.pl?podrobnosti=117169  |u https://opac.crzp.sk/?fn=detailBiblioForm&sid=A86BEDB9942C84EDDF95378BE596 
SQL |a stuzp57432  |b DDP  |c SLO  |d Center for Academic Relations, Bratislava, Fajnorovo nábr.  |e 8083  |f Heribanová, Ivana  |g 058180  |h 450  |i Nahálka, Pavel  |j 20160602  |k 153  |l 05  |m http://is.stuba.sk/zp/portal_zp.pl?podrobnosti=117169  |n I-ARCH  |o 5.1.1. architektúra a urbanizmus